000 00380nam a22001337a 4500
082 _a519.5
_bMOR
100 _a Morris,Carl N.
_939476
245 _aIntroudction to data analysis and statistal inference.
_cCarl N, Morris.
260 _aUSA
_bUSA
_c1981
300 _ap389. :
_bill. ;
_c14 cm.
526 _a0
_b0
_c0
_d519_500000000000000_MOR
650 _aMCE
_9379
942 _2ddc
_cBK
999 _c543963
_d543963